000 00450nam a2200181Ia 4500
001 4939
005 20260306145831.0
008 260306t2002||||xx |||||||||||||| ||spa||
041 _aESP
082 _a332
_bV34
100 _aVásquez Huaman, Enrique
_eAUT
245 0 _aEstrategia del poder:
_bgrupos económicos en el Perú
260 _c2002
300 _a511 páginas :
_c21 cm.
650 _aGEN
654 _aCAN
942 _cLIB
_dJUS
_fJUS
_2ddc
_n
999 _c4939
_d4939